[Event "Wiesbaden op 31st"]
[Site "Wiesbaden"]
[Date "2019.08.23"]
[Round "2"]
[White "Hoffmann, Christian"]
[Black "Pastor, Alexander"]
[Result "0-1"]
[WhiteElo "1883"]
[BlackElo "1668"]
[PlyCount "76"]
[EventDate "2019.08.22"]
[EventType "swiss"]
[EventRounds "7"]
[EventCountry "GER"]
[SourceTitle "EXT 2020"]
[Source "ChessBase"]
[SourceDate "2019.10.17"]
[SourceVersion "1"]
[SourceVersionDate "2019.10.17"]
[SourceQuality "1"]

1. d4 Nf6 2. Nc3 d5 3. e4 Nxe4 4. Nxe4 dxe4 5. f3 Bf5 6. Bf4 e6 7. Qd2 c6 8. 0-0-0 Nd7 9. g4 Bg6 10. h4 exf3 11. Nxf3 Be4 12. Bg2 Be7 13. g5 Nb6 14. Ne5 Bxg2 15. Qxg2 Qd5 16. Qe2 Qxa2 17. c3 Na4 18. Qc2 Qa1+ 19. Kd2 Qxb2 20. Rb1 Qxc2+ 21. Kxc2 Nb6 22. Rhf1 Rf8 23. Nd3 0-0-0 24. Ra1 a6 25. Rab1 Nd5 26. Bd2 Bd6 27. Rb3 Rd7 28. Nb2 b5 29. Ra1 Ra7 30. c4 Ne7 31. c5 Bc7 32. h5 Nf5 33. Rba3 Rd8 34. Nd3 Nxd4+ 35. Kc3 a5 36. Kb2 Nf3 37. Be3 Ne5 38. Kc2 Nc4 0-1